000
00307nam a2200157Ia 4500
100
_a
Dasgupta/Sanjoy
650
_a
Algorithms
942
_c
BK
366
_f
20
245
_a
Algorithms
260
_b
Tatamcgraw Hill
_c
2008
082
_a
5.133
_b
DAS
300
_a
320
546
_a
ENGLISH
999
_c
25742
_d
25742